000 00951nam a22002535i 4500
001 177713
003 ES-MaACL
005 20230906220408.0
008 110413s1947 be f |||| | fre d
080 _a730 Minne, George
100 1 _aRidder, André de.
_997052
245 1 0 _aGeorge Minne /
_cpar André de Ridder.
260 _aAnvers :
_bDe Sikkel, pour le Ministere de l'Instruction Publique,
_ccop. 1947.
300 _a16, [28] p. de lám. bl. y n. , [1] h. de lám. bl. y n. ;
_c25 cm.
490 1 _aMonographies de l'art belge. Première Série ;
_v3
500 _aÍndice.
500 _aFalta 1 lámina, que ha sido cortada.
504 _aBibliografía: p. 14.
546 _aTexto en francés, leyenda de las ilustraciones en francés y holandés.
600 1 4 _aMinne, George.
_9146178
830 0 _aMonographies de l'art belge. Première Série ;
_v3
_9190564
852 _aES-MaACL
_jE-14903
_xOlim P-972
999 _c177713
_d177713